Quiz o powiecie węgrowskim - Statystyki

Ogólne statystyki
  • Ten quiz został rozwiązany 10 razy
  • Średni wynik to 6 z 10
Statystyki odpowiedzi
Wskazówka Odpowiedź % Poprawnych
Jakie miasta leżą w węgrowskim? Węgrów
100%
Ile jest gmin wiejskich w tym powiecie? 7
67%
Jak nazywa się wieś w węgrowskim, która nazywa się podobnie jak rzeka, która przepływa przez miasta w tym powiecie? Liw
67%
Jakie miasta leżą w węgrowskim? Łochów
67%
W jakim województwie leżał całkowicie powiat w latach 1975 - 1998? województwo {siedleckie}
67%
Tablice rejestracyjne powiatu węgrowskiego to: WWE
67%
Ile było miast na terenie węgrowskiego do 1870? 3 (Liw, Miedzna, Kamieńczyk)
50%
Z jakim powiatem graniczy węgrowski na wschód? sokołowski
33%
Kto jest starostą tego powiatu? Ewa Besztak
17%
Jak się nazywa park krajobrazowy, który jest w tym powiecie? (jest jednym z największych parków krajobrazowych) {Nadbużański} Park Krajobrazowy
17%
Nie znaleziono quizów pasujących do podanych kryteriów
Rozkład punktacji
Procent ludzi z każdym wynikiem
Percentyl według liczby udzielonych odpowiedzi
Twoja historia wyników
Nie rozwiązałeś tego quizu